Fibroblaszt és az Alzheimer kór [absztrakt] /

Elmentve itt :
Bibliográfiai részletek
Szerző: Palotás András
Testületi szerző: Szent-Györgyi Albert Orvostudományi Egyetem : Házi Tudományos Diákköri Konferencia
Dokumentumtípus: Könyv része
Megjelent: Szent-Györgyi Albert Orvostudományi Egyetem Szeged 1999
Sorozat:Szent-Györgyi Albert Orvostudományi Egyetem : Házi Tudományos Diákköri Konferencia
Kulcsszavak:Alzheimer-kór - előadáskivonat, Sejtbiológia - előadáskivonat, Molekuláris biológia - előadáskivonat, Neurobiológia - előadáskivonat
Tárgyszavak:
Online Access:http://acta.bibl.u-szeged.hu/88519
LEADER 01026naa a2200193 i 4500
001 acta88519
005 20250911142821.0
008 250911s1999 hu o 100 hun d
040 |a SZTE Egyetemi Kiadványok Repozitórium  |b hun 
041 |a hun 
100 1 |a Palotás András 
245 1 0 |a Fibroblaszt és az Alzheimer kór   |h [elektronikus dokumentum] :  |b [absztrakt] /  |c  Palotás András 
260 |a Szent-Györgyi Albert Orvostudományi Egyetem  |b Szeged  |c 1999 
490 0 |a Szent-Györgyi Albert Orvostudományi Egyetem : Házi Tudományos Diákköri Konferencia 
650 4 |a Orvos- és egészségtudomány 
650 4 |a Általános orvostudomány 
695 |a Alzheimer-kór - előadáskivonat, Sejtbiológia - előadáskivonat, Molekuláris biológia - előadáskivonat, Neurobiológia - előadáskivonat 
711 |a Szent-Györgyi Albert Orvostudományi Egyetem : Házi Tudományos Diákköri Konferencia  |c Szeged  |d 1999. február 18-20. 
856 4 0 |u http://acta.bibl.u-szeged.hu/88519/1/szote_htdk_1999_049.pdf  |z Dokumentum-elérés